| 000 | 00835nam a22002417a 4500 | ||
|---|---|---|---|
| 005 | 20100804142928.0 | ||
| 010 | _aENG-98242 | ||
| 020 |
_a9788186017685 _c150.00 |
||
| 035 | _aEN-81775 | ||
| 035 | _aG-001268 | ||
| 037 | _bDBAD/PUB | ||
| 037 | _bgift | ||
| 082 | _a884 | ||
| 100 |
_aDeshpande, G P _934158 |
||
| 245 |
_aTalking the political culturally and other essays / _cby G P Deshpande |
||
| 260 |
_aKolkata _bThema _c2009 |
||
| 270 |
_a46/1 Raja Rammohan Roy Sarani, _bKolkata _e700 009 |
||
| 300 |
_a127p. _c21cm (pbk) |
||
| 942 |
_2ddc _cEN _h884 _mDES |
||
| 999 |
_c39253 _d39253 |
||